00527nam a22001457a 450000500170000000800410001702000150005808200140007310000490008724501210013625000190025726000460027630000340032265000250035620231025101908.0231025b |||||||| |||| 00| 0 eng d a0702121754 a347.1 JON aErasmus, HJ and van Loggerenberg,DElEnglish aJones and Buckle The Civil Practice of the Magistrates' Courts in South Africa /cHJ Erasmus and DE van Loggerenberg aEighth Edition aCape Town :bJuta and Company, Ltd,c1988 bxciii, 455 pages ; c26,2 cm. aLegal Practice bLaw